Survey (Record no. 82484)

MARC details
000 -LEADER
fixed length control field 01023cam a22001935a 4500
001 - CONTROL NUMBER
control field L150377
008 - FIXED-LENGTH DATA ELEMENTS--GENERAL INFORMATION
fixed length control field 100707e2010 xxk 000 0 eng d
035 ## - SYSTEM CONTROL NUMBER
System control number (Sirsi) u150377
041 0# - LANGUAGE CODE
Language code of text/sound track or separate title eng
110 2# - MAIN ENTRY--CORPORATE NAME
Corporate name or jurisdiction name as entry element EuroProperty
9 (RLIN) 1216
245 00 - TITLE STATEMENT
Title Survey
Remainder of title Paris
260 ## - PUBLICATION, DISTRIBUTION, ETC.
Date of publication, distribution, etc. 2010
490 #0 - SERIES STATEMENT
Series statement EuroProperty
Volume/sequential designation 5 July 2010, 17-21(5)
520 ## - SUMMARY, ETC.
Summary, etc. The Paris office market where the state is a key occupier has avoided oversupply problems but with few completions has seen an increase in vacancies as prospective tenants seek better deals on the south periphery, although the Paris Central Business District has not suffered a tenant exodus. Equity investors continue to gobble up French retail property, especially shopping centres, with Euros 1.8bn worth of trade in the first half of 2010. French lenders are preparing refinancing deals for 2011 as rents bottom out and yields compress.
590 ## - LOCAL NOTE (RLIN)
Local note KA
651 #4 - SUBJECT ADDED ENTRY--GEOGRAPHIC NAME
Geographic name Paris
690 ## - LOCAL SUBJECT ADDED ENTRY--TOPICAL TERM (OCLC, RLIN)
Topical term or geographic name as entry element PROPERTY-COMMERCIAL PROPERTY-COMMERCIAL PROPERTY FINANCE AND INVESTMENT
942 ## - ADDED ENTRY ELEMENTS (KOHA)
Suppress in OPAC 0
Holdings
Withdrawn status Lost status Source of classification or shelving scheme Damaged status Not for loan Home library Current library Shelving location Date acquired Total Checkouts Full call number Barcode Date last seen Copy number Price effective from Koha item type
    Dewey Decimal Classification     London London Journal article 07/07/2010   L150377 150377-1001 06/08/2019 1 06/08/2019 Journal article